MARC-Details
| 000 -Satzkennung |
| Kontrollfeld mit fester Länge |
02148nam a22004213i 4500 |
| 001 - Kontrollnummer |
| Kontrollfeld |
EBC30750742 |
| 003 - Kontrollnummer Identifier |
| Kontrollfeld |
MiAaPQ |
| 005 - Datum und Zeit der letzten Transaktion |
| Kontrollfeld |
20260417122334.0 |
| 007 - Feld mit fester Länge zur physischen Beschreibung - Allgemeine Information |
| Kontrollfeld mit fester Länge |
cr cnu|||||||| |
| 008 - Feld mit fester Länge zur physischen Beschreibung - Allgemeine Angaben |
| Kontrollfeld mit fester Länge |
260416s2024 xx o ||||0 eng d |
| 020 ## - Internationale Standardbuchnummer |
| Internationale Standardbuchnummer |
9781472858252 |
| Nähere Angaben |
(electronic bk.) |
| 020 ## - Internationale Standardbuchnummer |
| Gelöschte/ungültige ISBN |
9781472858221 |
| 040 ## - Katalogisierungsquelle |
| Original-Katalogisierungsstelle |
MiAaPQ |
| Katalogisierungssprache |
eng |
| Übertragungsstelle |
MiAaPQ |
| 100 1# - Haupteintragung - Personenname |
| Personenname |
Galeotti, Mark. |
| Koha-Normdatenidentnummer |
910 |
| 245 10 - Titel |
| Titel |
Russia's Wars in Chechnya |
| Zusatz zum Titel |
1994-2009 |
| 250 ## - Ausgabebezeichnung |
| Ausgabebezeichnung |
1st ed. |
| 264 #1 - Produktion, Veröffentlichung, Distribution, Herstellung und Urheberrechtsvermerk |
| Herstellungs-, Veröffentlichungs- Vertriebs-, Erzeugungsort |
London : |
| Produzent, Herausgeber, Distributor, Hersteller |
Bloomsbury Publishing Plc, |
| Datum der Herstellung, der Veröffentlichung, des Vertriebs oder des Urheberschutzvermerks |
2024. |
| 264 #4 - Produktion, Veröffentlichung, Distribution, Herstellung und Urheberrechtsvermerk |
| Datum der Herstellung, der Veröffentlichung, des Vertriebs oder des Urheberschutzvermerks |
©2024. |
| 300 ## - Physische Beschreibung |
| Umfang |
1 online resource (145 pages) |
| 336 ## - Inhaltstyp |
| Inhaltstypterm |
Text |
| Inhaltstypcode |
txt |
| Quelle |
rdacontent |
| 337 ## - Medientyp |
| Bezeichnung des Medientyps |
Computermedien |
| Medientypcode |
c |
| Quelle |
rdamedia |
| 338 ## - Datenträgertyp |
| Datenträgertypbezeichnung |
Online Resource |
| Datenträgertypcode |
cr |
| Quelle |
rdacarrier |
| 490 0# - Gesamttitelangabe |
| Gesamttitelangabe |
Essential Histories Series |
| 500 ## - Allgemeine Fußnote |
| Allgemeine Fußnote |
E-Book-ProQuest / Fernzugriff nach Registrierung möglich |
| 505 0# - Fußnote zu strukturierten Inhaltsangaben |
| Fußnote zu strukturierten Inhaltsangaben |
Cover -- Contents -- Introduction -- Background to war -- Home of the wolf -- Warring sides -- Soldiers versus fighters -- Outbreak -- Flashpoint: 1994 -- The fighting -- Two wars -- The world around war -- The world looks on in horror -- How the war ended -- The end of the 'counterterrorist operation' -- Conclusion and consequences -- One war over, others just beginning -- Chronology -- Further reading -- Index -- Imprint. |
| 520 ## - Fußnote zu Zusammenfassungen usw. |
| Fußnote zur Zusammenfassung usw. |
Written by a leading expert on modern Russia, this is an illustrated introduction to the bitter campaigns in Chechnya.In this new edition of his popular 2014 work, Mark Galeotti traces the progress of the wars in Chechnya, from the initial Russian advance through to urban battles such as Grozny, and the prolonged guerrilla warfare. |
| 648 ## - Nebeneintragung unter einem Schlagwort - Zeitschlagwort |
| Zeitschlagwort |
1994-2009 |
| Koha-Normdatenidentnummer |
69071 |
| 650 #0 - Nebeneintragung unter einem Schlagwort - Sachschlagwort |
| Sachschlagwort oder geografischer Name als Eintragungselement |
Tschetschenienkriege |
| Koha-Normdatenidentnummer |
1527 |
| 653 ## - Indexierungsterm - Nicht normiert |
| Nicht-normierter Term |
Terrorism. |
| 653 ## - Indexierungsterm - Nicht normiert |
| Nicht-normierter Term |
Guerrilla warfare. |
| 655 ## - Indexierungsterm - Genre/Form |
| Genre/Form oder fokussierter Term |
Fernzugriff |
| Koha-Normdatenidentnummer |
230 |
| 655 #4 - Indexierungsterm - Genre/Form |
| Genre/Form oder fokussierter Term |
|
| 776 08 - Andere physische Form |
| Verweisungsphrase |
Print version: |
| Haupteintragung |
Galeotti, Mark |
| Titel |
Russia's Wars in Chechnya |
| Ort, Verlag und Erscheinungsjahr |
London : Bloomsbury Publishing Plc,c2024 |
| Internationale Standardbuchnummer |
9781472858221 |
| 856 40 - Elektronische Adresse und Zugriff |
| URL |
<a href="https://ebookcentral.proquest.com/lib/maxweberstiftung-ebooks/detail.action?docID=30750742">https://ebookcentral.proquest.com/lib/maxweberstiftung-ebooks/detail.action?docID=30750742</a> |
| OPAC-Notiz |
Volltext |
| 942 ## - Zusätzliche Felder (Koha) |
| Koha-Medientyp |
E-Books |
| Klassifikation oder Aufstellungssystematik |
Andere/Generische Klassifikation |